• 首页
  • 本馆介绍
  • 公告通知
  • 最新文献
  • 馆藏检索
  • 电子资源
  • 读者导购
  • 参考咨询
  • 我的图书馆
  • 登录
  • 详细信息显示
  • 放入我的书架
  • 预约/预借图书
  • 作者相关作品
  • 分类相关作品
  • 丛书相关作品
  • 出版社相关作品

书目信息

  • 表格格式
  • 工作单格式
  • 卡片格式
题名:
海洋能资源开发利用
    
 
作者: 诸同金 编著
分册:  
出版信息: 北京   化学工业出版社  2005.10
页数:
开本: 32开
丛书名: 21世纪可持续能源丛书
单 册:
中图分类: P743
科图分类:
主题词: 海洋开发 , 海洋资源 , 海洋资源--海洋开发
电子资源:
ISBN: 7-5025-5648-6
000 00672nam0 2200229 450
001 0736196517
005 20070924100316.51
010    @a7-5025-5648-6@d¥35.00
100    @a20070924d km y0chiy0120 ea
101 0  @achi
200 1  @a海洋能资源开发利用@Ahai yang neng zi yuan kai fa li yong@f诸同金 编著@Fzhu tong jin bian zhu
210    @a北京@c化学工业出版社@d2005.10
215    @d32开
225 2  @a21世纪可持续能源丛书
410  0 @12001 @a21世纪可持续能源丛书
606 0  @a海洋开发
606 0  @a海洋资源
606 0  @a海洋资源@x海洋开发
690    @aP743@v3
701  0 @a诸同金@Azhu tong jin@4编著
801  0 @aCN@bPFT@c20070924
905    @a213230@dP743@eZY06@f1
    
    海洋能资源开发利用/诸同金 编著.-北京:化学工业出版社,2005.10
    32开.-(21世纪可持续能源丛书)
    
    
    ISBN 7-5025-5648-6:¥35.00
    
●
相关链接 在E读中查询图书 在五车中查询图书 在当当中查询图书 在豆瓣中查询图书


正题名:海洋能资源开发利用     索取号:P743/ZY06         预约/预借

序号 登录号 条形码 馆藏地/架位号 状态 备注
1 7901404   279014040   密集书库-资源管理系/ [索取号:P743/ZY06] 在馆    
唐山师范学院图书馆 欢迎您!
大连网信软件有限公司© 版权所有